Gaming Quiz

Random Gaming or Video Games Quiz

Beginning Video Game Titles Quiz Stats

 Plays Quiz Updated Jan 25, 2019

Support Sporcle.
Go Orange.
Score 0/70 Timer 06:00
5 Plays Today
Rest of Title First Word % Correct
____ Mario Bros.Super
99.1%
____ of Zelda: Ocarina of TimeLegend
97.4%
____ Theft AutoGrand
95.6%
____ Fantasy VIIFinal
94.7%
____ Hawk's Pro SkaterTony
94.5%
____ the HedgehogSonic
94.2%
____ of Duty: Modern WarfareCall
93.1%
____ Mutant Ninja TurtlesTeenage
92.8%
____ of WarcraftWorld
91.3%
____ of PersiaPrince
91.3%
____ Tyson's Punchout!Mike
90.7%
____ for Speed: UndergroundNeed
90.4%
____ Gear SolidMetal
89.4%
____ TurismoGran
89.1%
____ KombatMortal
88.6%
____ Raider: UnderworldTomb
88.6%
____ BandicootCrash
87.6%
____ Kart Double DashMario
85.9%
____ InvadersSpace
85.1%
____ Clancy's Rainbow SixTom
84.8%
____ Woods PGA TourTiger
84.7%
____ 4 DeadLeft
84.6%
____ Kong CountryDonkey
84.5%
____ Dance RevolutionDance
80.7%
____ Dead RedemptionRed
80.6%
____ NukemDuke
78.2%
____BigPlanetLittle
77.9%
____ Scrolls V: SkyrimElder
75.7%
____ PayneMax
74.8%
____ of HonorMedal
74.4%
____ Pilgrim Vs. The WorldScott
73.9%
____ of EmpiresAge
71.6%
____ May CryDevil
69.7%
____ Fighter II TurboStreet
68.5%
____ & ClankRatchet
66.4%
Rest of Title First Word % Correct
____-KazooieBanjo
65.7%
____ of RiddickChronicles
63.7%
____ 007Goldeneye
62.2%
____ & Conquer: Red AlertCommand
61.8%
____ Crossing: Wild WorldAnimal
60.9%
____ Ex: Human RevolutionDeus
60.8%
____ GaidenNinja
60.5%
____ IcarusKid
56%
____ Blue/Red/Yellow ...etcPokémon
55.8%
____ of the Old Republic (Star Wars)Knights
54.7%
____ & Daxter: The Precursor LegacyJak
53.2%
____'s DreamlandKirby
49.8%
____ Meier's Pirates!Sid
48.9%
____ Suit LarryLeisure
46.7%
____ of the ColossusShadow
46.5%
____'s Gate II: Shadows of AmnBaldur
36.3%
____ Cooper and the Thievius RacoonusSly
36.3%
____'s Bad Fur DayConker
36%
____ the RapperPaRappa
35.6%
____'n GoblinsGhosts
35.6%
____ Ate My NeighborsZombies
34.9%
____ BobbleBubble
34.4%
____ Gotham RacingProject
32.1%
____ FandangoGrim
31.8%
____ of Monkey IslandSecret
29.9%
____ & Max Hit the RoadSam
28.1%
____ of Might and MagicHeroes
27.2%
____ DamacyKatamari
25.9%
____ City RansomRiver
17.4%
____ Nemo and the Dream MasterLittle
16.8%
____ Dragoon SagaPanzer
14.3%
____ of a Solar EmpireSins
14.3%
____ a Killing MoonUnder
11.8%
____ of GaiaIllusion
6.5%
____ Cities of GoldSeven
4.9%

You're not logged in!

Compare scores with friends on all Sporcle quizzes.
OR
Log In
Forgot?

From the Vault

Famous Facial Hair

by Mattomic

This one could get hairy.
Remove Ads.
Support Sporcle.
Get the best of Sporcle when you Go Orange. This ad-free experience offers more features, more stats, and more fun while also helping to support Sporcle. Thank you for becoming a member.

Show Comments

Extras

Top Quizzes Today


Score Distribution

Your Account Isn't Verified!

In order to create a playlist on Sporcle, you need to verify the email address you used during registration. Go to your Sporcle Settings to finish the process.

Report this User

Report this user for behavior that violates our Community Guidelines.

Details: